[Event "XIV. DBMM Schach"]
[Site "Dresden"]
[Date "2014.11.20"]
[Round "1.1"]
[White "Safyanowsky, Mark"]
[Black "Meister, Jakob"]
[Result "0-1"]
[WhiteElo "2248"]
[BlackElo "2466"]
[Annotator "br"]
[PlyCount "154"]
[EventDate "2014.??.??"]
[EventType "team-swiss"]
[EventRounds "7"]
[EventCountry "GER"]
[Source "FV Schach e.V."]
[SourceDate "2015.07.06"]
[WhiteTeam "SV OSRAM Augsburg"]
[BlackTeam "SK Praesident Berlin"]
[WhiteTeamCountry "GER"]
[BlackTeamCountry "RUS"]

1. Nf3 d5 2. c4 d4 3. e3 c5 4. b4 dxe3 5. fxe3 cxb4 6. d4 Nf6 7. Bd3 Nbd7 8.
O-O e5 9. Nbd2 Be7 10. Qc2 Ng4 11. Re1 Qc7 12. Nf1 g6 13. h3 Ngf6 14. N1d2 O-O
15. Bb2 Nh5 16. Nxe5 Nxe5 17. dxe5 Bh4 18. Rf1 Bg3 19. Be2 Ng7 20. Ne4 Bxe5 21.
Nf6+ Kh8 22. Nd5 Qb8 23. Qb3 Be6 24. Qxb4 Nf5 25. Bg4 Bxd5 26. Bxf5 Bc6 27. Bg4
Kg8 28. Bf3 Bxb2 29. Qxb2 Qe8 30. Qd4 Bxf3 31. Rxf3 b6 32. a4 Rd8 33. Qf4 Qc6
34. a5 Rc8 35. axb6 Qxb6 36. h4 Rc5 37. Kh2 a5 38. Rd1 Qe6 39. Rd4 Rf5 40. Qg3
Rxf3 41. Qxf3 Re8 42. Rd5 a4 43. h5 a3 44. Ra5 Qe7 45. Qf4 Qxe3 46. Qxe3 Rxe3
47. hxg6 hxg6 48. Ra8+ Kg7 49. c5 Rc3 50. c6 Kf6 51. c7 Rxc7 52. Rxa3 Kg5 53.
Rg3+ Kf4 54. Rf3+ Ke4 55. Rf6 Ke5 56. Ra6 Rd7 57. Ra5+ Rd5 58. Ra6 Kf5 59. Ra4
Re5 60. Kg3 Re3+ 61. Kf2 Re4 62. Ra7 f6 63. Kf3 Rf4+ 64. Kg3 Rd4 65. Kf3 Kg5
66. Ra5+ f5 67. Ra6 Rd3+ 68. Kf2 f4 69. Rb6 Kh5 70. Rb2 g5 71. Rb5 Kh4 72. Rb8
Rd2+ 73. Kf1 g4 74. Rb5 Kg3 75. Rb3+ f3 76. gxf3 gxf3 77. Rb1 Rh2 0-1

[Event "XIV. DBMM Schach"]
[Site "Dresden"]
[Date "2014.11.20"]
[Round "1.2"]
[White "Salov, Sergej"]
[Black "Tokarev, Igor"]
[Result "1/2-1/2"]
[WhiteElo "2256"]
[BlackElo "2001"]
[Annotator "br"]
[PlyCount "76"]
[EventDate "2014.??.??"]
[EventType "team-swiss"]
[EventRounds "7"]
[EventCountry "GER"]
[Source "FV Schach e.V."]
[SourceDate "2015.07.06"]
[WhiteTeam "SK Praesident Berlin"]
[BlackTeam "SV OSRAM Augsburg"]
[WhiteTeamCountry "RUS"]
[BlackTeamCountry "GER"]

1. e4 Nf6 2. e5 Nd5 3. d4 d6 4. c4 Nb6 5. exd6 exd6 6. Nc3 Be7 7. h3 O-O 8. Nf3
Bf5 9. Be2 Bf6 10. O-O Nc6 11. Bf4 Re8 12. b3 a5 13. a3 a4 14. b4 Be4 15. Nxe4
Rxe4 16. Be3 d5 17. Bd3 Re8 18. c5 Nc4 19. Bxc4 dxc4 20. Rc1 Qd5 21. Qc2 Rad8
22. Qxc4 Nxd4 23. Nxd4 Bxd4 24. Bxd4 Qxd4 25. Qxd4 Rxd4 26. Rfd1 Red8 27. Rxd4
Rxd4 28. Rc3 Rd1+ 29. Kh2 Rb1 30. Rd3 Kf8 31. Rd7 Rb3 32. Rxc7 Rxa3 33. Rxb7
Rc3 34. Ra7 a3 35. b5 Rxc5 36. b6 Rb5 37. b7 a2 38. Rxa2 Rxb7 1/2-1/2

[Event "XIV. DBMM Schach"]
[Site "Dresden"]
[Date "2014.11.20"]
[Round "1.3"]
[White "Kolb, Wolfgang"]
[Black "Gruzmann, Boris"]
[Result "0-1"]
[WhiteElo "2067"]
[BlackElo "2246"]
[Annotator "br"]
[PlyCount "110"]
[EventDate "2014.??.??"]
[EventType "team-swiss"]
[EventRounds "7"]
[EventCountry "GER"]
[Source "FV Schach e.V."]
[SourceDate "2015.07.06"]
[WhiteTeam "SV OSRAM Augsburg"]
[BlackTeam "SK Praesident Berlin"]
[WhiteTeamCountry "GER"]
[BlackTeamCountry "RUS"]

1. c4 g6 2. Nc3 Bg7 3. g3 e5 4. Bg2 Nc6 5. d3 d6 6. e4 Nge7 7. Nge2 a6 8. Rb1
Rb8 9. a4 Nb4 10. Be3 c5 11. O-O O-O 12. Qd2 Be6 13. f4 f6 14. fxe5 fxe5 15.
Rxf8+ Qxf8 16. Rf1 Qe8 17. h4 Qd7 18. Kh2 Rf8 19. Rxf8+ Bxf8 20. Ng1 Bg4 21.
Nh3 Bg7 22. b3 Nbc6 23. Nd1 Nd4 24. Bxd4 cxd4 25. Ndf2 Nc6 26. Nxg4 Qxg4 27. b4
Nd8 28. Qg5 Qxg5 29. Nxg5 Bf6 30. Bh3 Bxg5 31. hxg5 b6 32. a5 bxa5 33. bxa5 Nb7
34. Bc8 Nc5 35. Kg2 Kf8 36. Kf3 Ke7 37. Ke2 Kd8 38. Bg4 Nb7 39. Be6 Nxa5 40.
Kd2 Nb3+ 41. Kc2 Nc5 42. Bd5 a5 43. Bg8 Ke7 44. Bd5 a4 45. Bc6 a3 46. Ba8 a2
47. Kb2 Nxd3+ 48. Kxa2 Nf2 49. Kb3 Nh3 50. Kc2 Nxg5 51. Kd3 Ne6 52. Bd5 h5 53.
Ke2 g5 54. Kf3 Nc5 55. Bg8 g4+ 0-1

[Event "XIV. DBMM Schach"]
[Site "Dresden"]
[Date "2014.11.20"]
[Round "1.4"]
[White "Mueller, Reinhard"]
[Black "Pilhoefer, Bernd"]
[Result "1-0"]
[WhiteElo "2129"]
[BlackElo "1547"]
[Annotator "br"]
[PlyCount "83"]
[EventDate "2014.??.??"]
[EventType "team-swiss"]
[EventRounds "7"]
[EventCountry "GER"]
[Source "FV Schach e.V."]
[SourceDate "2015.07.06"]
[WhiteTeam "SK Praesident Berlin"]
[BlackTeam "SV OSRAM Augsburg"]
[WhiteTeamCountry "RUS"]
[BlackTeamCountry "GER"]

1. e4 e5 2. Nf3 Nf6 3. Nc3 d6 4. d4 exd4 5. Nxd4 Be7 6. Bc4 a6 7. a4 O-O 8. O-O
c5 9. Nf3 Nc6 10. h3 Ne5 11. Nxe5 dxe5 12. Qe2 Qc7 13. Bg5 Be6 14. Bxf6 Bxf6
15. Bd5 Rad8 16. Ra3 Rd6 17. a5 Bd7 18. Rfa1 Be7 19. Rb3 Rb8 20. Qh5 Rf6 21.
Bxb7 Be6 22. Bd5 Rxb3 23. cxb3 Qb8 24. Qe2 Qc8 25. Bxe6 Qxe6 26. Nd5 Rg6 27.
Qf3 Bh4 28. Rd1 Qd6 29. Qf5 Re6 30. Qg4 Bd8 31. Rd3 Qb8 32. Ne3 Bxa5 33. Nf5 g6
34. Rd7 Qe8 35. Nh6+ Kh8 36. Nxf7+ Kg8 37. Nh6+ Kh8 38. Rb7 Bd8 39. Nf7+ Kg8
40. Nxd8 Re7 41. Rxe7 Qxe7 42. Qe6+ 1-0

[Event "XIV. DBMM Schach"]
[Site "Dresden"]
[Date "2014.11.20"]
[Round "1.1"]
[White "Kleeschaetzky, Rainer"]
[Black "Jaehnisch, Frank"]
[Result "1/2-1/2"]
[WhiteElo "2321"]
[BlackElo "2208"]
[Annotator "br"]
[PlyCount "45"]
[EventDate "2014.??.??"]
[EventType "team-swiss"]
[EventRounds "7"]
[EventCountry "GER"]
[Source "FV Schach e.V."]
[SourceDate "2015.07.06"]
[WhiteTeam "Deutsche Bahn/BSW Berlin"]
[BlackTeam "SV OSRAM Berlin"]
[WhiteTeamCountry "GER"]
[BlackTeamCountry "GER"]

1. e4 e6 2. d4 d5 3. e5 c5 4. c3 Qb6 5. Nf3 Nc6 6. a3 Bd7 7. b4 cxd4 8. cxd4
Rc8 9. Be3 Nh6 10. Bd3 Ng4 11. O-O Nxe3 12. fxe3 Be7 13. Nbd2 Nb8 14. Qe2 Ba4
15. Rac1 O-O 16. Nb1 Bd7 17. Nfd2 Rxc1 18. Rxc1 f5 19. Nb3 Rc8 20. Rxc8+ Bxc8
21. Nc5 a5 22. bxa5 Qxa5 23. Nb3 1/2-1/2

[Event "XIV. DBMM Schach"]
[Site "Dresden"]
[Date "2014.11.20"]
[Round "1.2"]
[White "Gebert Vangeel, Ralf"]
[Black "Baumbach, Friedrich"]
[Result "1/2-1/2"]
[WhiteElo "2041"]
[BlackElo "2186"]
[Annotator "br"]
[PlyCount "95"]
[EventDate "2014.??.??"]
[EventType "team-swiss"]
[EventRounds "7"]
[EventCountry "GER"]
[Source "FV Schach e.V."]
[SourceDate "2015.07.06"]
[WhiteTeam "SV OSRAM Berlin"]
[BlackTeam "Deutsche Bahn/BSW Berlin"]
[WhiteTeamCountry "GER"]
[BlackTeamCountry "GER"]

1. e4 c5 2. Nf3 Nc6 3. Bb5 g6 4. O-O Bg7 5. Re1 Nf6 6. c3 O-O 7. d4 cxd4 8.
cxd4 d5 9. e5 Ne4 10. Nc3 Bf5 11. h3 Rc8 12. Qb3 Nxc3 13. bxc3 Na5 14. Qb4 a6
15. Bf1 Qc7 16. Bd2 Nc4 17. Bxc4 dxc4 18. Bg5 f6 19. Bh4 Rfe8 20. Bg3 Qc6 21.
Rad1 Qd5 22. Nh2 Be4 23. f3 Bf5 24. Ng4 Bxg4 $11 25. hxg4 b5 26. Rd2 Bh6 27.
Rde2 f5 28. gxf5 gxf5 29. e6 Bg7 30. Be5 Rc6 31. Bxg7 Kxg7 32. Re5 Qd6 33. Qb1
Rf8 34. Qc1 h6 35. Qf4 Rf6 36. Kf2 b4 37. Qd2 Rb6 38. cxb4 Qxb4 39. Qxb4 Rxb4
40. Ke3 Rb2 41. Re2 Rb5 42. d5 Rf8 43. Kd4 Kf6 44. g4 fxg4 45. fxg4 Kg6 46. Rf5
Rc8 47. Rc2 Rb1 48. Rf7 1/2-1/2

[Event "XIV. DBMM Schach"]
[Site "Dresden"]
[Date "2014.11.20"]
[Round "1.3"]
[White "Kleeschaetzky, Ralf"]
[Black "Mayer, Herbert"]
[Result "1-0"]
[WhiteElo "2239"]
[BlackElo "1970"]
[Annotator "br"]
[PlyCount "77"]
[EventDate "2014.??.??"]
[EventType "team-swiss"]
[EventRounds "7"]
[EventCountry "GER"]
[Source "FV Schach e.V."]
[SourceDate "2015.07.06"]
[WhiteTeam "Deutsche Bahn/BSW Berlin"]
[BlackTeam "SV OSRAM Berlin"]
[WhiteTeamCountry "GER"]
[BlackTeamCountry "GER"]

1. Nf3 Nf6 2. c4 g6 3. Nc3 d5 4. cxd5 Nxd5 5. Qa4+ c6 6. Qd4 Nf6 7. Qxd8+ Kxd8
8. d4 Bg7 9. e4 Bd7 10. Ng5 Be8 11. Bc4 e6 12. e5 Nd5 13. Nge4 h6 14. Bd2 Nd7
15. Nd6 Kc7 16. Rc1 N7b6 17. Bb3 Rd8 18. Nce4 Nc8 19. Nxc8 Kxc8 20. Nd6+ Kb8
21. Bxd5 exd5 22. Bb4 Bf8 23. O-O Bxd6 24. Bxd6+ Kc8 25. Be7 Rd7 26. Bf6 Rh7
27. Rc3 Rc7 28. Rfc1 Bd7 29. Be7 Be6 30. Bd6 Rd7 31. b4 f6 32. b5 Rxd6 33. exd6
Bd7 34. Re1 Kd8 35. bxc6 bxc6 36. Rce3 Rf7 37. Re7 Rf8 38. Rh7 f5 39. Ree7 1-0

[Event "XIV. DBMM Schach"]
[Site "Dresden"]
[Date "2014.11.20"]
[Round "1.4"]
[White "Mueller, Gerd"]
[Black "Kuhne, Detlev"]
[Result "0-1"]
[WhiteElo "1847"]
[BlackElo "2131"]
[Annotator "br"]
[PlyCount "140"]
[EventDate "2014.??.??"]
[EventType "team-swiss"]
[EventRounds "7"]
[EventCountry "GER"]
[Source "FV Schach e.V."]
[SourceDate "2015.07.06"]
[WhiteTeam "SV OSRAM Berlin"]
[BlackTeam "Deutsche Bahn/BSW Berlin"]
[WhiteTeamCountry "GER"]
[BlackTeamCountry "GER"]

1. c4 c6 2. Nf3 d5 3. cxd5 cxd5 4. g3 Nf6 5. Bg2 Nc6 6. d4 a6 7. Ne5 Qb6 8.
Nxc6 bxc6 9. Nc3 Bf5 10. Qa4 e6 11. O-O Be7 12. Re1 O-O 13. e4 dxe4 14. Nxe4
Nxe4 15. Bxe4 Bxe4 16. Rxe4 Rfd8 17. b3 Qb5 18. Bf4 Qd5 19. Rae1 Bf8 20. Be5
Rdc8 21. Rg4 Qb5 22. Qc4 Qxc4 23. bxc4 Ra7 24. Rb1 h5 25. Rg5 g6 26. Bf6 Bg7
27. Bxg7 Kxg7 28. Rc5 Rd8 29. Rxc6 Rxd4 30. Rbb6 a5 31. Ra6 Rxa6 32. Rxa6 Rxc4
33. Rxa5 Kf6 34. Rb5 Rc2 35. a4 Ra2 36. Rb4 g5 37. f3 Kg6 38. Re4 Kf5 39. h4
gxh4 40. Rxh4 Kg6 41. Re4 Kf5 42. Rh4 Kg5 43. Re4 f5 44. Rxe6 Rxa4 45. Kg2 h4
46. f4+ Kh5 47. Re8 hxg3 48. Kxg3 Ra3+ 49. Kf2 Kg4 50. Rb8 Ra4 51. Rb2 Rxf4+
52. Kg2 Ra4 53. Rc2 Rd4 54. Kf2 Kf4 55. Ra2 Ke4 56. Re2+ Kf4 57. Ra2 Kg4 58.
Ra8 Rb4 59. Ra2 f4 60. Rc2 Rb3 61. Ra2 Rh3 62. Ra4 Rh2+ 63. Kg1 Rb2 64. Ra3 Rd2
65. Rb3 Kf5 66. Ra3 Ke4 67. Ra8 Kf3 68. Ra1 Kg3 69. Kf1 Rb2 70. Rc1 f3 0-1

[Event "XIV. DBMM Schach"]
[Site "Dresden"]
[Date "2014.11.20"]
[Round "1.1"]
[White "Scharrer, Udo"]
[Black "Stanetzek, Carsten"]
[Result "1/2-1/2"]
[WhiteElo "1979"]
[BlackElo "2233"]
[Annotator "br"]
[PlyCount "74"]
[EventDate "2014.??.??"]
[EventType "team-swiss"]
[EventRounds "7"]
[EventCountry "GER"]
[Source "FV Schach e.V."]
[SourceDate "2015.07.06"]
[WhiteTeam "SG Stern Stuttgart"]
[BlackTeam "Deutsche Post Bonn"]
[WhiteTeamCountry "GER"]
[BlackTeamCountry "GER"]

1. d4 d5 2. c4 c6 3. Nf3 Nf6 4. e3 Bf5 5. Nc3 e6 6. Nh4 Be4 7. f3 Bg6 8. g3
Nbd7 9. cxd5 exd5 10. Nxg6 hxg6 11. Bg2 Be7 12. O-O Qb6 13. e4 O-O 14. Kh1 Rad8
15. e5 Ne8 16. f4 Nc7 17. g4 f5 18. gxf5 gxf5 19. Rb1 Ne6 20. Be3 g6 21. a3 Kg7
22. b4 a6 23. Rf3 Qa7 24. Rh3 Rh8 25. Rxh8 Rxh8 26. Qb3 b5 27. Nxd5 cxd5 28.
Bxd5 Ndf8 29. Bxe6 Nxe6 30. d5 Qa8 31. Kg1 Rh3 32. dxe6 Kf8 33. Qd3 Qf3 34. Re1
Qg4+ 35. Kh1 Qf3+ 36. Kg1 Qg4+ 37. Kh1 Qf3+ 1/2-1/2

[Event "XIV. DBMM Schach"]
[Site "Dresden"]
[Date "2014.11.20"]
[Round "1.2"]
[White "Gikas, Andreas Basilius"]
[Black "Karthaus, Carsten"]
[Result "0-1"]
[WhiteElo "2176"]
[BlackElo "1961"]
[Annotator "br"]
[PlyCount "64"]
[EventDate "2014.??.??"]
[EventType "team-swiss"]
[EventRounds "7"]
[EventCountry "GER"]
[Source "FV Schach e.V."]
[SourceDate "2015.07.06"]
[WhiteTeam "Deutsche Post Bonn"]
[BlackTeam "SG Stern Stuttgart"]
[WhiteTeamCountry "GER"]
[BlackTeamCountry "GER"]

1. e4 d5 2. exd5 Nf6 3. d4 Bg4 4. Ne2 Nxd5 5. h3 Bf5 6. Ng3 Bg6 7. Be2 e6 8. a3
Be7 9. c4 Nb6 10. Be3 O-O 11. Qb3 Nc6 12. c5 Nd5 13. O-O Bf6 14. Rd1 Rb8 15.
Nc3 Nce7 16. Nge4 Bxe4 17. Nxe4 Nf5 18. Qd3 Re8 19. Rac1 Qe7 20. Nc3 Ndxe3 21.
fxe3 Bg5 22. e4 Bxc1 23. Rxc1 Nh4 24. Qg3 Ng6 25. Rf1 Rbd8 26. Nb5 Rd7 27. d5
Qxc5+ 28. Kh1 exd5 29. b4 Qb6 30. a4 Rxe4 31. a5 Qe3 32. Bf3 Qd3 0-1

[Event "XIV. DBMM Schach"]
[Site "Dresden"]
[Date "2014.11.20"]
[Round "1.3"]
[White "Wepfer, Bernd"]
[Black "Biedekoepper, Robert"]
[Result "0-1"]
[WhiteElo "1879"]
[BlackElo "2056"]
[Annotator "br"]
[PlyCount "116"]
[EventDate "2014.??.??"]
[EventType "team-swiss"]
[EventRounds "7"]
[EventCountry "GER"]
[Source "FV Schach e.V."]
[SourceDate "2015.07.06"]
[WhiteTeam "SG Stern Stuttgart"]
[BlackTeam "Deutsche Post Bonn"]
[WhiteTeamCountry "GER"]
[BlackTeamCountry "GER"]

1. g3 d5 2. Nf3 Bg4 3. Bg2 Nd7 4. O-O e5 5. d3 Ngf6 6. Nbd2 Bd6 7. e4 c6 8. c3
O-O 9. Qc2 Re8 10. b3 Nf8 11. Bb2 Qd7 12. Rac1 Bh3 13. Rfe1 Rad8 14. c4 Bxg2
15. Kxg2 dxe4 16. Nxe4 Ng6 17. h3 Nh5 18. Ng1 f5 19. Nxd6 Qxd6 20. Rcd1 c5 21.
Bc1 Qc6+ 22. Kh2 Nf6 23. Bg5 h6 24. Bxf6 Qxf6 25. Qe2 Re7 26. Nf3 Rde8 27. Nd2
Qd6 28. Qf3 Rf8 29. Nb1 Qd4 30. Qd5+ Qxd5 31. cxd5 Rd8 32. Nc3 Kf7 33. a4 b6
34. a5 Kf6 35. axb6 axb6 36. Ra1 Rb7 37. Ra6 Ne7 38. f4 Nxd5 39. fxe5+ Ke6 40.
Na4 Rc8 41. Kg2 Nb4 42. Rxb6+ Rxb6 43. Nxb6 Rd8 44. Re3 Rxd3 45. Nc4 Rxe3 46.
Nxe3 Kxe5 47. Kf3 Nd5 48. Nc4+ Kd4 49. g4 f4 50. h4 Kc3 51. Na5 g5 52. hxg5
hxg5 53. Ke2 Ne3 54. Kf3 Nc2 55. Ke4 Nd4 56. Nb7 Nxb3 57. Kf5 f3 58. Nd6 Nd2
0-1

[Event "XIV. DBMM Schach"]
[Site "Dresden"]
[Date "2014.11.20"]
[Round "1.4"]
[White "Dehmel, Jens"]
[Black "Molzan, Andreas"]
[Result "1-0"]
[WhiteElo "2044"]
[BlackElo "1255"]
[Annotator "br"]
[PlyCount "31"]
[EventDate "2014.??.??"]
[EventType "team-swiss"]
[EventRounds "7"]
[EventCountry "GER"]
[Source "FV Schach e.V."]
[SourceDate "2015.07.06"]
[WhiteTeam "Deutsche Post Bonn"]
[BlackTeam "SG Stern Stuttgart"]
[WhiteTeamCountry "GER"]
[BlackTeamCountry "GER"]

1. d4 e6 2. e4 b6 3. Bd3 Bb7 4. Nf3 d5 5. e5 f6 6. O-O Nd7 7. exf6 Ngxf6 8. Ng5
Qe7 9. Re1 e5 10. dxe5 Ng8 11. Qh5+ g6 12. Bxg6+ hxg6 13. Qxg6+ Kd8 14. Nf7+
Kc8 15. Nxh8 Nxe5 16. Qf5+ 1-0

[Event "XIV. DBMM Schach"]
[Site "Dresden"]
[Date "2014.11.20"]
[Round "1.1"]
[White "Schreiter, Thomas"]
[Black "Klotzsche, Thomas"]
[Result "1/2-1/2"]
[WhiteElo "2037"]
[BlackElo "1929"]
[Annotator "br"]
[PlyCount "118"]
[EventDate "2014.??.??"]
[EventType "team-swiss"]
[EventRounds "7"]
[EventCountry "GER"]
[Source "FV Schach e.V."]
[SourceDate "2015.07.06"]
[WhiteTeam "le-tex GmbH Leipzig"]
[BlackTeam "Deutsche Bahn/BSW Berlin II"]
[WhiteTeamCountry "GER"]
[BlackTeamCountry "GER"]

1. d4 Nf6 2. c4 d6 3. Nc3 g6 4. g3 Bg7 5. Bg2 c6 6. Nf3 O-O 7. O-O Nbd7 8. e4
e5 9. d5 c5 10. Re1 h6 11. Qd3 Ne8 12. a3 Nc7 13. Nd1 Rb8 14. Bd2 a6 15. Ne3
Nf6 16. h3 Bd7 17. Qc2 Qe7 18. Rab1 Rfc8 19. Rec1 b5 20. Ne1 bxc4 21. Nxc4 Nb5
22. Qd3 Nd4 23. b4 Bb5 24. bxc5 dxc5 25. Bf1 Ne8 26. Qc3 Nd6 27. Nxd6 Qxd6 28.
Be3 $11 f5 29. f3 f4 30. Bf2 fxg3 31. Bxg3 h5 32. Bc4 Kh7 33. Kg2 Qf6 34. Bxb5
axb5 35. Rb2 Bh6 36. Rcb1 b4 37. axb4 cxb4 38. Qd3 b3 39. h4 Bf4 40. Rxb3 Rxb3
41. Rxb3 Nxb3 42. Qxb3 Bxg3 43. Qb7+ Kh6 44. Qxc8 Bxe1 45. Qc1+ g5 46. Qxe1
gxh4 47. Qd2+ Kg7 48. Qf2 Qf4 49. Kh3 Kf7 50. Qa7+ Ke8 51. Qb8+ Kd7 52. Qb7+
Kd8 53. Qb6+ Kc8 54. Qf2 Kc7 55. Kg2 Kd7 56. Qa7+ Kc8 57. Qg7 Qd2+ 58. Kh3 Qf4
59. Qg2 Kd7 1/2-1/2

[Event "XIV. DBMM Schach"]
[Site "Dresden"]
[Date "2014.11.20"]
[Round "1.2"]
[White "Strauss, Peter"]
[Black "Heinrich, Thomas"]
[Result "1/2-1/2"]
[WhiteElo "1751"]
[BlackElo "2224"]
[Annotator "br"]
[PlyCount "94"]
[EventDate "2014.??.??"]
[EventType "team-swiss"]
[EventRounds "7"]
[EventCountry "GER"]
[Source "FV Schach e.V."]
[SourceDate "2015.07.06"]
[WhiteTeam "Deutsche Bahn/BSW Berlin II"]
[BlackTeam "le-tex GmbH Leipzig"]
[WhiteTeamCountry "GER"]
[BlackTeamCountry "GER"]

1. d4 Nf6 2. c4 g6 3. Nc3 Bg7 4. Bf4 d6 5. Qd2 h5 6. Nf3 Nc6 7. e4 Bg4 8. d5
Bxf3 9. gxf3 Ne5 10. Be2 c5 11. Bg5 a6 12. h3 Ned7 13. Rb1 Qa5 14. O-O Qb4 15.
Rfc1 Ne5 16. Nd1 Qxd2 17. Bxd2 O-O 18. b4 b6 19. bxc5 bxc5 20. Rb7 Ned7 21.
Rcb1 Rfb8 22. Bc3 Rxb7 23. Rxb7 Rb8 24. Rxb8+ Nxb8 25. Kg2 h4 26. Nb2 Nh5 27.
Bxg7 Nf4+ 28. Kf1 Kxg7 29. Nd3 Nxd3 30. Bxd3 g5 31. Ke2 Kf6 32. Ke3 Nd7 33. f4
gxf4+ 34. Kxf4 Ne5 35. Ke3 Ng6 36. f4 e5 37. dxe6 fxe6 38. e5+ dxe5 39. Bxg6
Kxg6 40. Ke4 Kf6 41. fxe5+ Kg5 42. a3 a5 43. a4 Kg6 44. Kf4 Kh5 45. Kf3 Kg5 46.
Ke4 Kg6 47. Kf4 Kh5 1/2-1/2

[Event "XIV. DBMM Schach"]
[Site "Dresden"]
[Date "2014.11.20"]
[Round "1.3"]
[White "Hoffmann, Hendrik"]
[Black "Fitzke, Ulrich"]
[Result "1-0"]
[WhiteElo "2193"]
[BlackElo "1898"]
[Annotator "br"]
[PlyCount "51"]
[EventDate "2014.??.??"]
[EventType "team-swiss"]
[EventRounds "7"]
[EventCountry "GER"]
[Source "FV Schach e.V."]
[SourceDate "2015.07.06"]
[WhiteTeam "le-tex GmbH Leipzig"]
[BlackTeam "Deutsche Bahn/BSW Berlin II"]
[WhiteTeamCountry "GER"]
[BlackTeamCountry "GER"]

1. e4 c5 2. Nf3 d6 3. d4 cxd4 4. Nxd4 Nc6 5. Nc3 Nf6 6. Bg5 e6 7. Qd2 Be7 8.
O-O-O O-O 9. f4 a6 10. Be2 Qc7 11. Nxc6 bxc6 12. Bxf6 gxf6 13. f5 exf5 14. Qh6
fxe4 15. Nxe4 f5 16. Rd3 f6 17. Rg3+ Kf7 18. Nxf6 Bxf6 19. Qxh7+ Ke6 20. Qxc7
Bd7 21. Bc4+ Ke7 22. Re1+ Be5 23. Rg7+ Kf6 24. Qxd7 Rae8 25. Rf7+ Kg5 26. Qxf5+
1-0

[Event "XIV. DBMM Schach"]
[Site "Dresden"]
[Date "2014.11.20"]
[Round "1.4"]
[White "Kaiser, Horst"]
[Black "Rohne, Lars"]
[Result "0-1"]
[WhiteElo "1832"]
[BlackElo "2152"]
[Annotator "br"]
[PlyCount "24"]
[EventDate "2014.??.??"]
[EventType "team-swiss"]
[EventRounds "7"]
[EventCountry "GER"]
[Source "FV Schach e.V."]
[SourceDate "2015.07.06"]
[WhiteTeam "Deutsche Bahn/BSW Berlin II"]
[BlackTeam "le-tex GmbH Leipzig"]
[WhiteTeamCountry "GER"]
[BlackTeamCountry "GER"]

1. e4 d6 2. Nf3 Nf6 3. Nc3 c6 4. d4 Bg4 5. Be2 e6 6. O-O Be7 7. e5 dxe5 8. dxe5
Qxd1 9. Rxd1 Nfd7 10. Bf4 Bxf3 11. Bxf3 g5 12. h3 gxf4 0-1

[Event "XIV. DBMM Schach"]
[Site "Dresden"]
[Date "2014.11.20"]
[Round "1.1"]
[White "Dekker, Derk"]
[Black "Schmidt, Harald"]
[Result "0-1"]
[WhiteElo "1856"]
[BlackElo "2364"]
[Annotator "br"]
[PlyCount "100"]
[EventDate "2014.??.??"]
[EventType "team-swiss"]
[EventRounds "7"]
[EventCountry "GER"]
[Source "FV Schach e.V."]
[SourceDate "2015.07.06"]
[WhiteTeam "EPA Muenchen"]
[BlackTeam "Transit Hamburg"]
[WhiteTeamCountry "GER"]
[BlackTeamCountry "GER"]

1. e4 d6 2. d4 Nf6 3. Nc3 c6 4. f4 Qa5 5. Bd3 e5 6. dxe5 dxe5 7. fxe5 Ng4 8.
Nf3 Be6 9. h3 Nxe5 10. Nxe5 Qxe5 11. Qf3 Bd6 12. Be3 Nd7 13. Ne2 Bc5 14. c3
Bxe3 15. Qxe3 Nc5 16. O-O O-O 17. Nd4 Rae8 18. Bc2 Bc8 19. Rae1 a5 20. Rf4 Ne6
21. Rf5 Qc7 22. Rh5 Nxd4 23. cxd4 g6 24. e5 f5 25. Bb3+ Be6 26. Bxe6+ Rxe6 27.
Rh4 Rfe8 28. Rc1 Qb6 29. Qb3 Qxb3 30. axb3 Kg7 31. Rf4 Rd8 32. Rc3 Rd5 33. Rd3
Rb5 34. Rdf3 c5 35. Rc3 cxd4 36. Rc7+ Kf8 37. Rxd4 Re7 38. Rd8+ Kf7 39. Rh8
Rxc7 40. Rxh7+ Ke6 41. Rxc7 Rxb3 42. Rg7 Rxb2 43. h4 a4 44. Rxg6+ Kxe5 45. h5
a3 46. h6 a2 47. h7 a1=Q+ 48. Kh2 Kf4 49. Rg8 Rb1 50. h8=Q Rh1# 0-1

[Event "XIV. DBMM Schach"]
[Site "Dresden"]
[Date "2014.11.20"]
[Round "1.2"]
[White "Urban, Ralf Dieter"]
[Black "Liefrink, Feike"]
[Result "1-0"]
[WhiteElo "2034"]
[BlackElo "2025"]
[Annotator "br"]
[PlyCount "32"]
[EventDate "2014.??.??"]
[EventType "team-swiss"]
[EventRounds "7"]
[EventCountry "GER"]
[Source "FV Schach e.V."]
[SourceDate "2015.07.06"]
[WhiteTeam "Transit Hamburg"]
[BlackTeam "EPA Muenchen"]
[WhiteTeamCountry "GER"]
[BlackTeamCountry "GER"]

1. e4 Nc6 2. Nf3 e5 3. Bc4 Nf6 4. d4 exd4 5. O-O Nxe4 6. Re1 d5 7. Bxd5 Qxd5 8.
Nc3 Qa5 9. Nxe4 Be6 10. Bd2 Qh5 11. Bg5 h6 12. Bf6 Qa5 13. Nxd4 gxf6 14. Nxf6+
Ke7 15. b4 Qg5 16. Nxe6 Qxf6 1-0

[Event "XIV. DBMM Schach"]
[Site "Dresden"]
[Date "2014.11.20"]
[Round "1.3"]
[White "Heer, Stephan"]
[Black "Meister, Bernd Holger"]
[Result "0-1"]
[WhiteElo "2134"]
[BlackElo "1804"]
[Annotator "br"]
[PlyCount "54"]
[EventDate "2014.??.??"]
[EventType "team-swiss"]
[EventRounds "7"]
[EventCountry "GER"]
[Source "FV Schach e.V."]
[SourceDate "2015.07.06"]
[WhiteTeam "EPA Muenchen"]
[BlackTeam "Transit Hamburg"]
[WhiteTeamCountry "GER"]
[BlackTeamCountry "GER"]

1. f3 e5 2. Nh3 d5 3. Nf2 Nf6 4. g3 Bd6 5. Bg2 Be6 6. O-O c6 7. b3 Nbd7 8. Bb2
Nf8 9. d4 Ng6 10. e3 Qd7 11. Qe2 h5 12. c4 exd4 13. exd4 h4 14. f4 Kf8 15. Nd3
hxg3 16. hxg3 Bg4 17. Qe3 Bh3 18. Ne5 Qf5 19. Rf2 Bxg2 20. Rxg2 Bxe5 21. dxe5
Ng4 22. Qc5+ Kg8 23. cxd5 Qh5 24. Kf1 Qh1+ 25. Rg1 Qf3+ 26. Ke1 Rh2 27. Nd2
Qe2# 0-1

[Event "XIV. DBMM Schach"]
[Site "Dresden"]
[Date "2014.11.20"]
[Round "1.4"]
[White "Ziller, Christian"]
[Black "Bohnhoff, Peter"]
[Result "1-0"]
[WhiteElo "2071"]
[BlackElo "2060"]
[Annotator "br"]
[PlyCount "33"]
[EventDate "2014.??.??"]
[EventType "team-swiss"]
[EventRounds "7"]
[EventCountry "GER"]
[Source "FV Schach e.V."]
[SourceDate "2015.07.06"]
[WhiteTeam "Transit Hamburg"]
[BlackTeam "EPA Muenchen"]
[WhiteTeamCountry "GER"]
[BlackTeamCountry "GER"]

1. e4 e5 2. Nc3 Nf6 3. g3 g6 4. Bg2 Bg7 5. Nge2 Nc6 6. d3 d6 7. Bg5 h6 8. Bd2
Be6 9. f4 Qd7 10. h3 h5 11. Be3 O-O-O 12. d4 exf4 13. gxf4 Bc4 14. d5 Ne7 15.
Qd4 Bxe2 16. Qxa7 c6 17. Bb6 1-0